Aussenwirtschaft Schweizerische Zeitschrift für internationale Wirtschaftsbeziehungen

Salvato in:
Dettagli Bibliografici
Natura: Periodico
Lingua:tedesco
Pubblicazione: Zürich Schulthese Polygraphischer Verlag 1980
Tags: Aggiungi Tag
Nessun Tag, puoi essere il primo ad aggiungerne!!

MARC

LEADER 00000nas2a2200000 4500
001 s124510
005 20250730114226.2
041 0 |a ger 
044 |a DE 
245 1 0 |a Aussenwirtschaft  |b Schweizerische Zeitschrift für internationale Wirtschaftsbeziehungen 
264 1 |a Zürich  |b Schulthese Polygraphischer Verlag  |c 1980 
300 |a 1 zv. 
773 0 |w eu_un_cat*s120084